| 000 | 00599nam a22001937a 4500 | ||
|---|---|---|---|
| 005 | 20251108164036.0 | ||
| 008 | 250721s1990 xx 000 0 ara d | ||
| 082 | 1 | 4 | _a320.9565/حسن |
| 100 | 1 | _aبني حسن، أمين عواد مهنا | |
| 245 | 1 | 0 |
_aالنظام السياسي الأردني : _bحقائق و مفاهيم / |
| 264 | 1 |
_aعمان : _bد.ن، _c1990. |
|
| 300 | _a221ص. | ||
| 490 | 0 | _aمن أجل تربية وطنية سليمة | |
| 650 | 1 | 7 | _aالأردن |
| 650 | 1 | 7 | _aالسياسة |
| 650 | 1 | 7 | _aالأحوال السياسية |
| 942 |
_2ddc _cBK |
||
| 999 |
_c2158 _d2158 |
||